[Event "Ruhrgebiet Verbandsliga Gruppe 1 1819"]
[Site "Nordrheinwestfalen"]
[Date "2019.05.05"]
[Round "9.5"]
[White "Pilat, Fabian"]
[Black "Gierse, Heinz Dieter"]
[Result "1/2-1/2"]
[WhiteElo "1928"]
[BlackElo "1940"]
[PlyCount "50"]
[EventDate "2018.09.23"]
[EventType "team-tourn"]
[EventRounds "9"]
[EventCountry "GER"]
[SourceTitle "EXT 2022"]
[Source "ChessBase"]
[SourceDate "2021.10.06"]
[SourceVersion "1"]
[SourceVersionDate "2021.10.06"]
[SourceQuality "1"]
[WhiteTeam "Bochum SG III"]
[BlackTeam "Bottrop SV"]
[WhiteTeamCountry "GER"]
[BlackTeamCountry "GER"]

1. d4 Nf6 2. Nf3 g6 3. Nbd2 Bg7 4. e4 d6 5. Bc4 0-0 6. 0-0 Nbd7 7. e5 dxe5 8. dxe5 Ne8 9. e6 fxe6 10. Bxe6+ Kh8 11. Ne4 Nd6 12. Ng3 Ne5 13. Bxc8 Nxf3+ 14. gxf3 Qxc8 15. Re1 e5 16. a4 Nf5 17. Re4 Nd4 18. Ra3 Qd7 19. Kg2 Qf7 20. Rd3 Rad8 21. Bg5 Rd6 22. Rh4 Nf5 23. Rh3 Nxg3 24. Rxg3 Rxd3 25. Qxd3 Bf6 1/2-1/2

[Event "Ruhrgebiet Verbandsliga Gruppe 1 1819"]
[Site "Nordrheinwestfalen"]
[Date "2019.03.24"]
[Round "8.6"]
[White "Schmidt, Ralph"]
[Black "Gierse, Heinz Dieter"]
[Result "1/2-1/2"]
[WhiteElo "1902"]
[BlackElo "1945"]
[PlyCount "55"]
[EventDate "2018.09.23"]
[EventType "team-tourn"]
[EventRounds "9"]
[EventCountry "GER"]
[SourceTitle "EXT 2022"]
[Source "ChessBase"]
[SourceDate "2021.10.06"]
[SourceVersion "1"]
[SourceVersionDate "2021.10.06"]
[SourceQuality "1"]
[WhiteTeam "Bochum-Linden"]
[BlackTeam "Bottrop SV"]
[WhiteTeamCountry "GER"]
[BlackTeamCountry "GER"]

1. e4 d5 2. exd5 Nf6 3. Nc3 Nxd5 4. Bc4 Nf6 5. Nge2 Nc6 6. 0-0 e5 7. d3 Be7 8. Ng3 0-0 9. Re1 Re8 10. Bb5 Nd7 11. Nf5 Bf8 12. Qg4 Kh8 13. Qf3 Nd4 14. Nxd4 exd4 15. Rxe8 Qxe8 16. Qe2 Qxe2 17. Nxe2 c5 18. Bc4 Kg8 19. Bd5 Bd6 20. Ng3 Nf6 21. Bf3 h6 22. Bd2 Be6 23. b3 Rb8 24. Ne2 Nd5 25. Bxd5 Bxd5 26. Bf4 Bxf4 27. Nxf4 Bc6 28. Re1 1/2-1/2

[Event "Ruhrgebiet Verbandsliga Gruppe 1 1718"]
[Site "Germany"]
[Date "2018.01.14"]
[Round "5.6"]
[White "Krabbe, Christian"]
[Black "Gierse, Heinz Dieter"]
[Result "1/2-1/2"]
[WhiteElo "1966"]
[BlackElo "1938"]
[PlyCount "35"]
[EventDate "2017.09.17"]
[EventType "team-tourn"]
[EventRounds "9"]
[EventCountry "GER"]
[SourceTitle "EXT 2022"]
[Source "ChessBase"]
[SourceDate "2021.10.06"]
[SourceVersion "1"]
[SourceVersionDate "2021.10.06"]
[SourceQuality "1"]
[WhiteTeam "Kamen SV II"]
[BlackTeam "Bottrop SV"]
[WhiteTeamCountry "GER"]
[BlackTeamCountry "GER"]

1. Nf3 d5 2. g3 Nf6 3. Bg2 c6 4. d3 Bf5 5. 0-0 e6 6. Nbd2 h6 7. Qe1 Be7 8. e4 Bh7 9. Qe2 0-0 10. b3 c5 11. Bb2 Nc6 12. a3 Qc7 13. Rac1 Rac8 14. Rfe1 b5 15. Bh3 Rcd8 16. Kh1 Rfe8 17. exd5 Nxd5 18. Ne5 1/2-1/2

[Event "Ruhrgebiet Verbandsliga Gruppe 1 1718"]
[Site "Germany"]
[Date "2017.12.03"]
[Round "4.5"]
[White "Broksch, Dirk"]
[Black "Gierse, Heinz Dieter"]
[Result "1-0"]
[WhiteElo "1851"]
[BlackElo "1945"]
[PlyCount "65"]
[EventDate "2017.09.17"]
[EventType "team-tourn"]
[EventRounds "9"]
[EventCountry "GER"]
[SourceTitle "EXT 2022"]
[Source "ChessBase"]
[SourceDate "2021.10.06"]
[SourceVersion "1"]
[SourceVersionDate "2021.10.06"]
[SourceQuality "1"]
[WhiteTeam "Erkenschwick II"]
[BlackTeam "Bottrop SV"]
[WhiteTeamCountry "GER"]
[BlackTeamCountry "GER"]

1. d4 Nf6 2. Nf3 g6 3. Bf4 Bg7 4. h3 0-0 5. e3 c5 6. c3 d6 7. Be2 Qb6 8. Qb3 Qxb3 9. axb3 Nc6 10. Nbd2 h6 11. 0-0 b6 12. Ra3 Bb7 13. Rfa1 Nd5 14. Bg3 Nc7 15. Bd3 Rac8 16. dxc5 bxc5 17. Nc4 Rb8 18. Nfd2 Ne5 19. Nxe5 dxe5 20. Bc4 a6 21. Ra5 Nb5 22. Bxb5 axb5 23. Rxb5 Rfd8 24. Nc4 Bd5 25. Raa5 f6 26. f3 Bf8 27. e4 Bf7 28. Kh2 e6 29. Bf2 Be8 30. Rxb8 Rxb8 31. Bxc5 Bxc5 32. Rxc5 Rxb3 33. Rc8 1-0

[Event "Ruhrgebiet Verbandsliga Gruppe 1 1617"]
[Site "Germany"]
[Date "2017.03.12"]
[Round "8.5"]
[White "Gierse, Heinz Dieter"]
[Black "Krabbe, Christian"]
[Result "1/2-1/2"]
[WhiteElo "1941"]
[BlackElo "1966"]
[PlyCount "74"]
[EventDate "2016.09.04"]
[EventType "team-tourn"]
[EventRounds "9"]
[EventCountry "GER"]
[SourceTitle "EXT 2022"]
[Source "ChessBase"]
[SourceDate "2021.10.06"]
[SourceVersion "1"]
[SourceVersionDate "2021.10.06"]
[SourceQuality "1"]
[WhiteTeam "Bottrop SV"]
[BlackTeam "Kamen SV II"]
[WhiteTeamCountry "GER"]
[BlackTeamCountry "GER"]

1. Nf3 g6 2. g3 Bg7 3. Bg2 Nf6 4. d3 0-0 5. 0-0 d6 6. e4 e5 7. Nbd2 c6 8. a4 a5 9. Nc4 Qc7 10. Qe2 Re8 11. h3 Nbd7 12. b3 b6 13. Ba3 Bf8 14. Rfe1 Ba6 15. Nfd2 Nc5 16. Qf3 Nfd7 17. h4 Ne6 18. Bh3 b5 19. Bxe6 Rxe6 20. axb5 cxb5 21. Ne3 Bb7 22. Rec1 Bh6 23. c4 Qb6 24. cxb5 Qxb5 25. Ndc4 Qa6 26. Bb2 Rf6 27. Qe2 Qb5 28. Rc3 Re6 29. Ba3 Nc5 30. Bxc5 Qxc5 31. Ng4 Bg7 32. Qc2 Qb5 33. Na3 Qb6 34. Ne3 Bh6 35. Nac4 Qb5 36. Nd5 Bxd5 37. exd5 Rf6 1/2-1/2

[Event "Ruhrgebiet Verbandsliga Gruppe 1 1617"]
[Site "Germany"]
[Date "2016.10.30"]
[Round "3.6"]
[White "Gierse, Heinz Dieter"]
[Black "Petrovic, Vladan"]
[Result "0-1"]
[WhiteElo "1953"]
[BlackElo "1939"]
[PlyCount "44"]
[EventDate "2016.09.04"]
[EventType "team-tourn"]
[EventRounds "9"]
[EventCountry "GER"]
[SourceTitle "EXT 2022"]
[Source "ChessBase"]
[SourceDate "2021.10.06"]
[SourceVersion "1"]
[SourceVersionDate "2021.10.06"]
[SourceQuality "1"]
[WhiteTeam "Bottrop SV"]
[BlackTeam "Holsterhausen SK"]
[WhiteTeamCountry "GER"]
[BlackTeamCountry "GER"]

1. Nf3 d5 2. g3 Nf6 3. Bg2 c6 4. 0-0 h6 5. d3 Bf5 6. Nbd2 e6 7. Qe1 Be7 8. e4 dxe4 9. dxe4 Bh7 10. Qe2 0-0 11. Kh1 Nbd7 12. e5 Nd5 13. Ne4 Nc5 14. Nfd2 Nxe4 15. Nxe4 Qc7 16. f4 Rad8 17. a3 Rd7 18. c4 Bxe4 19. Bxe4 Nb6 20. Be3 Rfd8 21. f5 Qxe5 22. fxe6 Qxe4+ 0-1

[Event "Baden Wuerttemberg-ch Seniors op 2nd"]
[Site "Freudenstadt"]
[Date "2016.07.09"]
[Round "9"]
[White "Wessbecher, Hubert"]
[Black "Gierse, Heinz Dieter"]
[Result "1-0"]
[WhiteElo "2038"]
[BlackElo "2120"]
[PlyCount "75"]
[EventDate "2016.07.01"]
[EventType "swiss"]
[EventRounds "9"]
[EventCountry "GER"]
[SourceTitle "EXT 2019"]
[Source "ChessBase"]
[SourceDate "2018.10.10"]
[SourceVersion "1"]
[SourceVersionDate "2018.10.10"]
[SourceQuality "1"]

1. e4 d5 2. exd5 Nf6 3. Bb5+ Bd7 4. Be2 Nxd5 5. d4 Bf5 6. Nf3 e6 7. 0-0 Be7 8. c4 Nb4 9. Ne1 0-0 10. a3 N4c6 11. Nf3 Bf6 12. Be3 Ne7 13. Qb3 Nbc6 14. Rd1 Qc8 15. Nc3 a6 16. Rac1 b6 17. Qa2 Nd8 18. b4 Nb7 19. Na4 Qd7 20. Nc3 Rfd8 21. h3 h6 22. Bf4 Rac8 23. Qb3 Qe8 24. a4 g5 25. Be5 Bxe5 26. Nxe5 a5 27. b5 f6 28. Ng4 Bxg4 29. Bxg4 Kg7 30. Bxe6 Rb8 31. Ne4 Ng6 32. Bf5 Nh4 33. Ng3 Nd6 34. Bb1 Qf7 35. Qc2 Kg8 36. c5 bxc5 37. dxc5 Ne8 38. Ba2 1-0

[Event "Baden Wuerttemberg-ch Seniors op 2nd"]
[Site "Freudenstadt"]
[Date "2016.07.08"]
[Round "8"]
[White "Gierse, Heinz Dieter"]
[Black "Biedermann, Herbert"]
[Result "1-0"]
[WhiteElo "2120"]
[BlackElo "1949"]
[PlyCount "79"]
[EventDate "2016.07.01"]
[EventType "swiss"]
[EventRounds "9"]
[EventCountry "GER"]
[SourceTitle "EXT 2019"]
[Source "ChessBase"]
[SourceDate "2018.10.10"]
[SourceVersion "1"]
[SourceVersionDate "2018.10.10"]
[SourceQuality "1"]

1. Nf3 Nf6 2. g3 d5 3. Bg2 g6 4. d3 Bg7 5. Nbd2 0-0 6. 0-0 c5 7. Re1 Nc6 8. e4 e6 9. Qe2 b6 10. Nf1 dxe4 11. dxe4 Nd4 12. Nxd4 cxd4 13. e5 Nd5 14. Rd1 Qc7 15. f4 Bb7 16. Rxd4 Rac8 17. c3 a6 18. Ne3 Rfd8 19. Nxd5 Bxd5 20. Bxd5 Rxd5 21. Rxd5 exd5 22. Be3 b5 23. Rd1 Qc6 24. Qd3 Rd8 25. Qd4 f5 26. Qb6 Qxb6 27. Bxb6 Rd7 28. Bc5 Kf7 29. Bd6 Bf8 30. Rxd5 Bxd6 31. Rxd6 Rxd6 32. exd6 Ke6 33. Kf2 Kxd6 34. Ke3 Kc5 35. Kd3 Kd5 36. b4 Kc6 37. Kd4 Kd6 38. c4 bxc4 39. Kxc4 Kc6 40. a4 1-0

[Event "Baden Wuerttemberg-ch Seniors op 2nd"]
[Site "Freudenstadt"]
[Date "2016.07.02"]
[Round "2"]
[White "Gierse, Heinz Dieter"]
[Black "Schwertel, Johann"]
[Result "1-0"]
[WhiteElo "2120"]
[BlackElo "1961"]
[PlyCount "67"]
[EventDate "2016.07.01"]
[EventType "swiss"]
[EventRounds "9"]
[EventCountry "GER"]
[SourceTitle "EXT 2019"]
[Source "ChessBase"]
[SourceDate "2018.10.10"]
[SourceVersion "1"]
[SourceVersionDate "2018.10.10"]
[SourceQuality "1"]

1. Nf3 d5 2. g3 Nf6 3. Bg2 c6 4. d3 Nbd7 5. Nbd2 e6 6. 0-0 Be7 7. e4 dxe4 8. dxe4 0-0 9. Qe2 e5 10. b3 Qc7 11. Bb2 Re8 12. a4 Bb4 13. Rfd1 a5 14. Ne1 Nf8 15. Nd3 Bxd2 16. Rxd2 N6d7 17. Rad1 b6 18. Qh5 Ng6 19. h3 Nf6 20. Qg5 h6 21. Qe3 Bb7 22. f3 c5 23. Bc3 Bc6 24. Nb2 Red8 25. Nc4 Rxd2 26. Qxd2 Ne8 27. h4 f6 28. Bf1 Nf8 29. Ne3 Kh7 30. Bc4 Qc8 31. Kg2 Rb8 32. Nd5 Bxd5 33. Qxd5 Qc7 34. Qg8+ 1-0

[Event "Ruhrgebiet Verbandsliga Gruppe 1 1516"]
[Site "Germany"]
[Date "2016.04.24"]
[Round "9.4"]
[White "Haase, Thomas Konstantin"]
[Black "Gierse, Heinz Dieter"]
[Result "1-0"]
[WhiteElo "2108"]
[BlackElo "1976"]
[PlyCount "87"]
[EventDate "2015.09.06"]
[EventType "team-tourn"]
[EventRounds "9"]
[EventCountry "GER"]
[SourceTitle "EXT 2022"]
[Source "ChessBase"]
[SourceDate "2021.10.06"]
[SourceVersion "1"]
[SourceVersionDate "2021.10.06"]
[SourceQuality "1"]
[WhiteTeam "Bochum SG III"]
[BlackTeam "Bottrop SV"]
[WhiteTeamCountry "GER"]
[BlackTeamCountry "GER"]

1. e4 d5 2. exd5 Nf6 3. d4 Nxd5 4. c4 Nb6 5. Nc3 e5 6. d5 c6 7. Be3 Bb4 8. Qb3 Bxc3+ 9. Qxc3 0-0 10. dxc6 Nxc6 11. Rd1 Qe7 12. Be2 Bf5 13. Nf3 Rfd8 14. 0-0 Nd4 15. Nxd4 exd4 16. Rxd4 Rxd4 17. Qxd4 Rd8 18. Qc3 Rc8 19. Qa5 Be6 20. b3 Qc7 21. Qxa7 Nd7 22. Rd1 f5 23. Qd4 Qa5 24. Qd2 Qa3 25. Qd6 Qxd6 26. Rxd6 Kf7 27. Bf3 Ke7 28. Rd1 b6 29. g3 h6 30. h4 Rc7 31. Bf4 Ra7 32. a4 Nc5 33. Bd6+ Kf6 34. Bxc5 bxc5 35. Rd6 Ke5 36. Rc6 Ra5 37. Rb6 Ra7 38. Rb7 Ra6 39. Rxg7 Rd6 40. Kg2 Rd3 41. Re7 Kd6 42. Rb7 Bd7 43. Rb6+ Kc7 44. a5 1-0

[Event "MVP-ch Seniors op 15th"]
[Site "Binz"]
[Date "2015.11.30"]
[Round "7.16"]
[White "Alder, Bodo"]
[Black "Gierse, Heinz Dieter"]
[Result "0-1"]
[WhiteElo "1841"]
[BlackElo "1945"]
[PlyCount "50"]
[EventDate "2015.11.24"]
[EventType "swiss"]
[EventRounds "9"]
[EventCountry "GER"]
[SourceTitle "EXT 2017"]
[Source "ChessBase"]
[SourceDate "2016.10.25"]
[SourceVersion "1"]
[SourceVersionDate "2016.10.25"]
[SourceQuality "1"]

1. Nf3 Nf6 2. d4 g6 3. g3 Bg7 4. Bg2 d6 5. c4 0-0 6. Nc3 Nbd7 7. 0-0 e5 8. e4 exd4 9. Nxd4 a6 10. h3 Re8 11. Re1 Ne5 12. b3 Rb8 13. Bg5 h6 14. Be3 c5 15. Nde2 b5 16. cxb5 axb5 17. Qd2 b4 18. Nd5 Nxd5 19. exd5 Bxh3 20. Bxh6 Bxg2 21. Kxg2 Qf6 22. Bxg7 Qf3+ 23. Kg1 Kxg7 24. Nf4 Rh8 25. Ng2 Qh5 0-1

[Event "MVP-ch Seniors op 15th"]
[Site "Binz"]
[Date "2015.11.26"]
[Round "3.9"]
[White "Gierse, Heinz Dieter"]
[Black "Nitsch, Thomas"]
[Result "1/2-1/2"]
[WhiteElo "1945"]
[BlackElo "1845"]
[PlyCount "36"]
[EventDate "2015.11.24"]
[EventType "swiss"]
[EventRounds "9"]
[EventCountry "GER"]
[SourceTitle "EXT 2017"]
[Source "ChessBase"]
[SourceDate "2016.10.25"]
[SourceVersion "1"]
[SourceVersionDate "2016.10.25"]
[SourceQuality "1"]

1. Nf3 f5 2. e4 d6 3. Nc3 fxe4 4. Ng5 e5 5. d3 Be7 6. dxe4 Bxg5 7. Qh5+ g6 8. Qxg5 Qxg5 9. Bxg5 Be6 10. 0-0-0 h6 11. Be3 Nf6 12. f3 Nc6 13. Nd5 Bxd5 14. exd5 Ne7 15. Bb5+ Kf7 16. c4 a6 17. Ba4 Nf5 18. Bf2 b5 1/2-1/2

[Event "Ruhrgebiet Verbandsliga Gruppe 1 1516"]
[Site "Germany"]
[Date "2015.09.27"]
[Round "2.3"]
[White "Gierse, Heinz Dieter"]
[Black "Happe, Ulrich"]
[Result "0-1"]
[WhiteElo "1945"]
[BlackElo "1981"]
[PlyCount "118"]
[EventDate "2015.09.06"]
[EventType "team-tourn"]
[EventRounds "9"]
[EventCountry "GER"]
[SourceTitle "EXT 2022"]
[Source "ChessBase"]
[SourceDate "2021.10.06"]
[SourceVersion "1"]
[SourceVersionDate "2021.10.06"]
[SourceQuality "1"]
[WhiteTeam "Bottrop SV"]
[BlackTeam "Steele/Kray Rochade"]
[WhiteTeamCountry "GER"]
[BlackTeamCountry "GER"]

1. Nf3 c5 2. d3 g6 3. e4 Bg7 4. g3 Nc6 5. Bg2 e6 6. 0-0 Nge7 7. Re1 d6 8. c3 0-0 9. Na3 Rb8 10. Nc2 b5 11. d4 cxd4 12. Nfxd4 Qc7 13. Qe2 Nxd4 14. Nxd4 Bd7 15. Nc2 Nc6 16. Bd2 Na5 17. Nb4 Rbc8 18. Red1 Rfd8 19. Be3 Nc4 20. Bd4 a5 21. Bxg7 Kxg7 22. Nd3 Bc6 23. Rac1 Qb7 24. b3 Nb6 25. Nf4 e5 26. Nd5 Nxd5 27. exd5 Bd7 28. c4 bxc4 29. bxc4 Rc5 30. Rb1 Qc8 31. Bf1 Qc7 32. Rb2 Bc8 33. Rb5 Ba6 34. Rxc5 Qxc5 35. Qb2 Rc8 36. Rc1 h5 37. h4 Kh7 38. Be2 Kg7 39. Rc2 Qa7 40. Qa3 Rc5 41. Kg2 Qc7 42. Qc3 Kg8 43. f3 Bb7 44. Bd3 Bxd5 45. Qd2 Bxc4 46. Bxc4 Rxc4 47. Rxc4 Qxc4 48. Qxa5 d5 49. g4 hxg4 50. fxg4 Qxg4+ 51. Kf1 Qf4+ 52. Kg2 d4 53. Qd8+ Kg7 54. a4 Qd2+ 55. Kg3 Qd3+ 56. Kg2 Qc2+ 57. Kg3 Qxa4 58. h5 Qb3+ 59. Kh4 Qe6 0-1

[Event "Hessen-ch Seniors op 11th"]
[Site "Bad Sooden-Allendorf"]
[Date "2015.05.17"]
[Round "9"]
[White "Gierse, Heinz Dieter"]
[Black "Burckhardt, Karl"]
[Result "1/2-1/2"]
[WhiteElo "2131"]
[BlackElo "1913"]
[PlyCount "97"]
[EventDate "2015.05.09"]
[EventType "swiss"]
[EventRounds "9"]
[EventCountry "GER"]
[SourceTitle "EXT 2018"]
[Source "ChessBase"]
[SourceDate "2017.10.13"]
[SourceVersion "1"]
[SourceVersionDate "2017.10.13"]
[SourceQuality "1"]

1. Nf3 f5 2. e4 fxe4 3. Ng5 Nf6 4. d3 e5 5. dxe4 h6 6. Nf3 d6 7. Nc3 c6 8. Bc4 Bg4 9. h3 Bh5 10. g4 Bg6 11. Qe2 Nbd7 12. Rg1 Qe7 13. g5 hxg5 14. Nxg5 Bh5 15. Qe3 Nb6 16. Be2 Bxe2 17. Qxe2 0-0-0 18. a4 d5 19. a5 Na8 20. exd5 cxd5 21. Bd2 d4 22. Nce4 Qd7 23. Qc4+ Qc6 24. Qxc6+ bxc6 25. Nxf6 gxf6 26. Nf7 Bd6 27. Nxd8 Kxd8 28. Rh1 Nc7 29. Ke2 Ke7 30. h4 Rh5 31. c3 c5 32. cxd4 cxd4 33. Rac1 e4 34. Bb4 Nd5 35. Bxd6+ Kxd6 36. a6 d3+ 37. Kd2 Nb4 38. Ra1 f5 39. Kc3 Nc6 40. Rag1 f4 41. Rg5 Rh6 42. h5 Ne5 43. Rg7 Kd5 44. Rxa7 Rc6+ 45. Kb3 e3 46. fxe3 fxe3 47. Rg7 e2 48. a7 Ra6 49. Kc3 1/2-1/2

[Event "Hessen-ch Seniors op 11th"]
[Site "Bad Sooden-Allendorf"]
[Date "2015.05.10"]
[Round "2"]
[White "Rehder, Frank"]
[Black "Gierse, Heinz Dieter"]
[Result "0-1"]
[WhiteElo "1895"]
[BlackElo "2131"]
[PlyCount "62"]
[EventDate "2015.05.09"]
[EventType "swiss"]
[EventRounds "9"]
[EventCountry "GER"]
[SourceTitle "EXT 2018"]
[Source "ChessBase"]
[SourceDate "2017.10.13"]
[SourceVersion "1"]
[SourceVersionDate "2017.10.13"]
[SourceQuality "1"]

1. d4 Nf6 2. Nf3 g6 3. c4 Bg7 4. Nc3 0-0 5. e4 d6 6. Be2 e5 7. d5 a5 8. 0-0 Nbd7 9. Qc2 Nc5 10. Be3 Nfd7 11. a3 a4 12. Rad1 h6 13. h3 f5 14. exf5 gxf5 15. Nh2 f4 16. Bxc5 Nxc5 17. Bf3 Qf6 18. Ne4 Qg6 19. Kh1 Bf5 20. Rde1 Ra6 21. Rg1 Rb6 22. Re2 Nxe4 23. Bxe4 Bxe4 24. Rxe4 Rxb2 25. Qxb2 Qxe4 26. Rc1 b6 27. f3 Qd3 28. Qb4 e4 29. fxe4 f3 30. Nxf3 Rxf3 31. Rg1 Rxh3+ 0-1

[Event "Ruhrgebiet Verbandsliga Gruppe 2 1415"]
[Site "Germany"]
[Date "2014.09.21"]
[Round "1"]
[White "Gerst, Michael"]
[Black "Gierse, Heinz Dieter"]
[Result "1-0"]
[WhiteElo "1978"]
[BlackElo "1996"]
[PlyCount "81"]
[EventDate "2014.09.21"]
[EventType "team-tourn"]
[EventRounds "9"]
[EventCountry "GER"]
[SourceTitle "EXT 2022"]
[Source "ChessBase"]
[SourceDate "2021.10.06"]
[SourceVersion "1"]
[SourceVersionDate "2021.10.06"]
[SourceQuality "1"]
[WhiteTeam "Oberhausen SV II"]
[BlackTeam "Bottrop SV"]
[WhiteTeamCountry "GER"]
[BlackTeamCountry "GER"]

1. e4 d5 2. exd5 Nf6 3. d4 Nxd5 4. Nf3 g6 5. c4 Nb6 6. Nc3 Bg7 7. c5 N6d7 8. Bc4 0-0 9. 0-0 h6 10. Re1 b6 11. Qc2 Kh7 12. Qe4 c6 13. Qxe7 bxc5 14. Qxd8 Rxd8 15. dxc5 Nxc5 16. Bxf7 Nbd7 17. Bc4 Nb6 18. Bf1 Be6 19. Be3 Nbd7 20. Rac1 Bg8 21. Red1 Ne6 22. b3 Nb6 23. Ne4 Rxd1 24. Rxd1 Nd5 25. Bc4 Nec7 26. Bd4 a5 27. Bxg7 Kxg7 28. Nc5 Ra7 29. Ne5 Ne7 30. Bxg8 Kxg8 31. Rd6 Nb5 32. Nxc6 Rc7 33. Nxe7+ Rxe7 34. Rd8+ Kf7 35. Rd7 Nc3 36. Rxe7+ Kxe7 37. Nb7 a4 38. bxa4 Nxa4 39. f3 Kd7 40. Kf2 Kc7 41. Na5 1-0

[Event "GER-chA Seniors 26th"]
[Site "Bad Neuenahr"]
[Date "2014.08.12"]
[Round "8"]
[White "Gierse, Heinz Dieter"]
[Black "Zunker, Reinhard"]
[Result "1-0"]
[WhiteElo "2121"]
[BlackElo "2180"]
[PlyCount "47"]
[EventDate "2014.08.05"]
[EventType "swiss"]
[EventRounds "9"]
[EventCountry "GER"]
[SourceTitle "EXT 2018"]
[Source "ChessBase"]
[SourceDate "2017.10.13"]
[SourceVersion "1"]
[SourceVersionDate "2017.10.13"]
[SourceQuality "1"]

1. Nf3 d5 2. g3 Bg4 3. Bg2 c6 4. d3 Nf6 5. Nbd2 Nbd7 6. h3 Bxf3 7. Bxf3 e5 8. Bg2 Bc5 9. 0-0 0-0 10. c4 Re8 11. Qc2 Qe7 12. e4 dxe4 13. Nxe4 Nxe4 14. Bxe4 g6 15. Bd2 Nf8 16. Bc3 Qd6 17. Kh2 Ne6 18. Qd2 Rad8 19. Rad1 f5 20. Bg2 Bd4 21. Bxd4 Qxd4 22. b4 e4 23. Rfe1 Qxd3 24. Qc1 1-0

[Event "GER-chA Seniors 26th"]
[Site "Bad Neuenahr"]
[Date "2014.08.09"]
[Round "5"]
[White "Gierse, Heinz Dieter"]
[Black "Galicki, Ryszard"]
[Result "1-0"]
[WhiteElo "2121"]
[BlackElo "1969"]
[PlyCount "101"]
[EventDate "2014.08.05"]
[EventType "swiss"]
[EventRounds "9"]
[EventCountry "GER"]
[SourceTitle "EXT 2018"]
[Source "ChessBase"]
[SourceDate "2017.10.13"]
[SourceVersion "1"]
[SourceVersionDate "2017.10.13"]
[SourceQuality "1"]

1. Nf3 c5 2. g3 Nc6 3. Bg2 g6 4. d3 d5 5. Nbd2 Bg7 6. e4 Nf6 7. 0-0 0-0 8. Re1 dxe4 9. dxe4 Qc7 10. c3 Rd8 11. h3 Nd7 12. Qc2 Nde5 13. Bf1 c4 14. Rd1 b5 15. a4 Ba6 16. Nxe5 Nxe5 17. Be2 Nd3 18. axb5 Bxb5 19. Nf1 Nxc1 20. Raxc1 Bh6 21. Rxd8+ Rxd8 22. Rd1 a6 23. Kg2 Rc8 24. Bf3 e6 25. Qe2 Rd8 26. Rxd8+ Qxd8 27. Ne3 Qd3 28. Qxd3 cxd3 29. Bd1 Bxe3 30. fxe3 Bc6 31. Kf2 Bxe4 32. Ke1 a5 33. Kd2 Kf8 34. h4 Ke7 35. b4 axb4 36. cxb4 Kd6 37. Bb3 f5 38. Bc4 e5 39. Bg8 h6 40. Bh7 g5 41. hxg5 hxg5 42. g4 Ke6 43. Bxf5+ Bxf5 44. gxf5+ Kxf5 45. Kxd3 g4 46. Ke2 Ke4 47. Kf2 g3+ 48. Kxg3 Kxe3 49. b5 e4 50. b6 Kd2 51. b7 1-0

[Event "GER-chA Seniors 26th"]
[Site "Bad Neuenahr"]
[Date "2014.08.07"]
[Round "3"]
[White "Gierse, Heinz Dieter"]
[Black "Weiss, Hartwig"]
[Result "1-0"]
[WhiteElo "2121"]
[BlackElo "2056"]
[PlyCount "81"]
[EventDate "2014.08.05"]
[EventType "swiss"]
[EventRounds "9"]
[EventCountry "GER"]
[SourceTitle "EXT 2018"]
[Source "ChessBase"]
[SourceDate "2017.10.13"]
[SourceVersion "1"]
[SourceVersionDate "2017.10.13"]
[SourceQuality "1"]

1. Nf3 d5 2. g3 Nf6 3. Bg2 Bf5 4. c4 c6 5. Qb3 Qc7 6. cxd5 Bxb1 7. Rxb1 Nxd5 8. e4 Nf6 9. Qc2 e6 10. 0-0 Be7 11. d4 Nbd7 12. Rd1 0-0 13. h3 Rfe8 14. Bf4 Qb6 15. Be3 Qc7 16. Rbc1 Rac8 17. d5 exd5 18. exd5 c5 19. b4 b6 20. bxc5 bxc5 21. Nd2 Bd6 22. Nc4 h6 23. Qf5 Ne5 24. Bxh6 Nxc4 25. Rxc4 Re5 26. Qf3 Rce8 27. Be3 Ne4 28. Bf4 R5e7 29. Bxd6 Nxd6 30. Rh4 Re1+ 31. Rxe1 Rxe1+ 32. Kh2 Re5 33. Qd3 Nf5 34. Rf4 Nd6 35. Qc3 f6 36. h4 Kf7 37. Ra4 Re7 38. Ra6 c4 39. Rc6 Qd8 40. Bh3 g6 41. Qb4 1-0

[Event "MVP-ch Seniors op 13th"]
[Site "Binz"]
[Date "2013.12.03"]
[Round "7"]
[White "Gierse, Heinz Dieter"]
[Black "Josting, Friedel"]
[Result "1/2-1/2"]
[WhiteElo "1933"]
[BlackElo "1774"]
[PlyCount "44"]
[EventDate "2013.11.27"]
[EventType "swiss"]
[EventRounds "9"]
[EventCountry "GER"]
[SourceTitle "EXT 2015"]
[Source "ChessBase"]
[SourceDate "2014.11.20"]
[SourceVersion "1"]
[SourceVersionDate "2014.11.20"]
[SourceQuality "1"]

1. Nf3 Nf6 2. g3 g6 3. Bg2 Bg7 4. 0-0 c5 5. d3 0-0 6. e4 d6 7. c3 Nc6 8. a3 a5 9. a4 Rb8 10. Na3 Bd7 11. Nh4 Qc8 12. f4 Bg4 13. Qc2 Bh3 14. Nb5 Bxg2 15. Qxg2 Qd7 16. h3 d5 17. e5 Ne8 18. Be3 b6 19. Nf3 Nc7 20. d4 cxd4 21. Nfxd4 Nxd4 22. Nxd4 f6 1/2-1/2

[Event "MVP-ch Seniors op 13th"]
[Site "Binz"]
[Date "2013.12.01"]
[Round "5"]
[White "Gierse, Heinz Dieter"]
[Black "Kuehn, Peter1111"]
[Result "1/2-1/2"]
[WhiteElo "1933"]
[BlackElo "1787"]
[PlyCount "106"]
[EventDate "2013.11.27"]
[EventType "swiss"]
[EventRounds "9"]
[EventCountry "GER"]
[SourceTitle "EXT 2015"]
[Source "ChessBase"]
[SourceDate "2014.11.20"]
[SourceVersion "1"]
[SourceVersionDate "2014.11.20"]
[SourceQuality "1"]

1. Nf3 c5 2. g3 Nc6 3. Bg2 g6 4. d3 Bg7 5. e4 d6 6. 0-0 Bd7 7. c3 Nf6 8. h3 0-0 9. Re1 e5 10. a3 Rc8 11. b4 a6 12. Bb2 Ne8 13. Nbd2 Be6 14. d4 cxd4 15. cxd4 Nxd4 16. Nxd4 exd4 17. Nf3 Qb6 18. Bxd4 Bxd4 19. Qxd4 Qxd4 20. Nxd4 Rc4 21. Red1 Bd7 22. Rac1 Rxc1 23. Rxc1 Kg7 24. f4 f6 25. Bf1 Rf7 26. b5 axb5 27. Bxb5 Bxb5 28. Nxb5 Re7 29. Rc4 h5 30. Kf2 f5 31. exf5 gxf5 32. Rd4 Re6 33. Kf3 Kf6 34. Rd5 Kg6 35. Nd4 Rf6 36. Rb5 Rf7 37. Rb6 Rc7 38. Nb5 Rd7 39. g4 hxg4+ 40. hxg4 fxg4+ 41. Kxg4 Nf6+ 42. Kf3 Ne8 43. Ke4 Nf6+ 44. Kd4 Kf5 45. Rxd6 Kxf4 46. Rxd7 Nxd7 47. Nd6 b6 48. Nc4 Kf5 49. Kd5 Kf6 50. Kd6 b5 51. Nb2 Ne5 52. Kc5 Ke6 53. Kxb5 Kd6 1/2-1/2